ბათუმის შოთა რუსთაველის სახელმწიფო უნივერსიტეტის ბიბლიოთეკა

The Eu, Nato And The Integration Of Europe Rules and Rhetoric / (ბიბ.ჩანაწერი № 53673)

000 -LEADER
fixed length control field 01093nam a2200289Ia 4500
001 - CONTROL NUMBER
control field 20720
003 - CONTROL NUMBER IDENTIFIER
control field GE_BSU
005 - DATE AND TIME OF LATEST TRANSACTION
control field 20210308234609.0
008 - FIXED-LENGTH DATA ELEMENTS--GENERAL INFORMATION
fixed length control field 181216s2003||||xx |||||||||||||| ||eng||
020 ## - INTERNATIONAL STANDARD BOOK NUMBER
International Standard Book Number 9780521828062
040 ## - CATALOGING SOURCE
Transcribing agency GE_BSU
041 ## - LANGUAGE CODE
Language code of text/sound track or separate title eng
080 ## - UNIVERSAL DECIMAL CLASSIFICATION NUMBER
Universal Decimal Classification number 327 S-31
100 ## - MAIN ENTRY--PERSONAL NAME
Personal name Schimmelfennig, Frank
9 (RLIN) 10379
245 #4 - TITLE STATEMENT
Title The Eu, Nato And The Integration Of Europe Rules and Rhetoric /
Statement of responsibility, etc. Frank Schimmelfennig ; Series editors Andreas Follesdal, Johan P. Olsen
260 ## - PUBLICATION, DISTRIBUTION, ETC.
Place of publication, distribution, etc. Cambridge
260 ## - PUBLICATION, DISTRIBUTION, ETC.
Name of publisher, distributor, etc. Cambridge university press
260 ## - PUBLICATION, DISTRIBUTION, ETC.
Date of publication, distribution, etc. 2003
300 ## - PHYSICAL DESCRIPTION
Extent 323 p. ;
Dimensions 24 cm.
653 ## - INDEX TERM--UNCONTROLLED
keyword The Eu, Nato And The Integration Of Europe Rules and Rhetoric
653 ## - INDEX TERM--UNCONTROLLED
keyword Правила Eu, НАТО и интеграции Европы и риторики
653 ## - INDEX TERM--UNCONTROLLED
keyword ევრო, ნატო და ევროპული წესების ინტეგრაცია და რიტორიკა
700 ## - ADDED ENTRY--PERSONAL NAME
Personal name Andreas Follesdal,
Relator term Series editor
9 (RLIN) 10380
700 ## - ADDED ENTRY--PERSONAL NAME
Personal name Johan P. Olsen
Relator term Series editor
9 (RLIN) 10381
942 ## - ADDED ENTRY ELEMENTS (KOHA)
Koha item type წიგნი
Source of classification or shelving scheme
ეგზემპლარები
Withdrawn status Lost status Source of classification or shelving scheme Damaged status Not for loan Permanent Location Current Location Shelving location Date acquired Cost, normal purchase price Full call number Barcode Date last seen Copy number Price effective from Koha item type Public note
          ბათუმის შოთა რუსთაველის სახელმწიფო უნივერსიტეტის მთავარი ბიბლიოთეკა ბათუმის შოთა რუსთაველის სახელმწიფო უნივერსიტეტის მთავარი ბიბლიოთეკა წიგნსაცავი 2018-12-17 70.00 327 S-31 54030 2018-12-17 54030 2018-12-17 წიგნი 70.00 GEL.
          ბათუმის შოთა რუსთაველის სახელმწიფო უნივერსიტეტის მთავარი ბიბლიოთეკა ბათუმის შოთა რუსთაველის სახელმწიფო უნივერსიტეტის მთავარი ბიბლიოთეკა წიგნსაცავი 2018-12-17 70.00 327 S-31 54090 2018-12-17 54090 2018-12-17 წიგნი 70.00 GEL.